| 000 | 00593nam a22001817a 4500 | ||
|---|---|---|---|
| 005 | 20251108170131.0 | ||
| 008 | 250721s9999 xx 000 0 ara d | ||
| 082 | 1 | 4 | _a004.65/مرا |
| 100 | 1 | _aمراد، عبد الفتاح | |
| 245 | 1 | 0 | _aكيف تستخدم شبكة الإنترنت في البحث العلمي و إعداد الرسائل و الأبحاث .... / |
| 264 | 1 |
_aالقاهرة : _bالمؤلف، _c[19-]. |
|
| 300 | _a406ص | ||
| 650 | 1 | 7 | _aالحواسيب |
| 650 | 1 | 7 | _aشبكات الإتصال |
| 650 | 1 | 7 | _aالإنترنت |
| 942 |
_2ddc _cBK |
||
| 999 |
_c40527 _d40527 |
||